00353nam a2200109Ia 4500008004100000020005500041040000800096082001500104100002700119245005100146264004600197231129s9999||||xx |||||||||||||| ||spa|| a978-958-753-024-7  bspa a898.1 J32d aJamioy Juagibioy Hugo 0aDanzantes del viento = Bí­nybe oboyejuayeng aBogotá Colombia: Ministerio de Cultura